Contract I: General Principles Ed 2 (Record no. 233945)
[ view plain ]
| 000 -LEADER | |
|---|---|
| fixed length control field | 01874nam a22002657a 4500 |
| 005 - DATE AND TIME OF LATEST TRANSACTION | |
| control field | 20250314115120.0 |
| 008 - FIXED-LENGTH DATA ELEMENTS--GENERAL INFORMATION | |
| fixed length control field | 250314b ||||| |||| 00| 0 eng d |
| 020 ## - INTERNATIONAL STANDARD BOOK NUMBER | |
| International Standard Book Number | 9789394739383 |
| 040 ## - CATALOGING SOURCE | |
| Transcribing agency | AL |
| 041 ## - LANGUAGE CODE | |
| Language code of text/sound track or separate title | hin |
| 082 ## - DEWEY DECIMAL CLASSIFICATION NUMBER | |
| Edition number | 23 |
| Classification number | 342 |
| Item number | MYNC |
| 100 ## - MAIN ENTRY--PERSONAL NAME | |
| Personal name | S R Myneni |
| 100 ## - MAIN ENTRY--PERSONAL NAME | |
| 9 (RLIN) | 206374 |
| 245 ## - TITLE STATEMENT | |
| Title | Contract I: General Principles Ed 2 |
| 250 ## - EDITION STATEMENT | |
| Edition statement | 2 |
| 260 ## - PUBLICATION, DISTRIBUTION, ETC. | |
| Place of publication, distribution, etc. | Hyderabad |
| Name of publisher, distributor, etc. | Asia Law House |
| Date of publication, distribution, etc. | 2024 |
| 300 ## - PHYSICAL DESCRIPTION | |
| Extent | lii,594p. |
| Other physical details | PB |
| Dimensions | 24x16cm. |
| 365 ## - TRADE PRICE | |
| Source of price type code | Law |
| Price type code | 7313 |
| Price amount | 720.00 |
| Currency code | ₹ |
| Unit of pricing | 900.00 |
| Price note | 20% |
| Price effective from | 07-03-2025 |
| 520 ## - SUMMARY, ETC. | |
| Summary, etc. | It is latest edition on Contract - I (General Principles) with Specific Relief Act as amended by the Amendment Act of 2018 by Dr.S.R.Myneni.<br/>In this present book on General Principles and Specific Performance of the Contract is a 590 pages commentary on innumerable topics like Essentials of a Contract, Valid offer, Consideration, Capacity of the Parties, Discharge of Contracts, etc. It also contains a commentary on Specific Relief Act.<br/>Though this book is primarily meant for the students as is intended by the Author and the Publishers Asia Law House, yet it makes an easy reading for even a layman.<br/>Regarding the usefulness of the book though students find it a good companion to face the exams, the lawyers also will find it interesting, if not at a higher level, atleast from the practical point of view.<br/>Dr.Myneni has taken great pains on compiling this book as the author and authorities (case laws) quoted in the book are immense.<br/>Thus it is an inevitable book to law students for exam preparation and junior advocates of the bar for further understanding the general principles of contract. |
| 650 ## - SUBJECT ADDED ENTRY--TOPICAL TERM | |
| Topical term or geographic name entry element | Intellectual Property Law Group |
| 9 (RLIN) | 206370 |
| 650 ## - SUBJECT ADDED ENTRY--TOPICAL TERM | |
| Topical term or geographic name entry element | International Law Group |
| 9 (RLIN) | 206371 |
| 650 ## - SUBJECT ADDED ENTRY--TOPICAL TERM | |
| Topical term or geographic name entry element | Non Law Subjects |
| 9 (RLIN) | 206372 |
| 650 ## - SUBJECT ADDED ENTRY--TOPICAL TERM | |
| Topical term or geographic name entry element | Constitutional Law Group |
| 9 (RLIN) | 206373 |
| 700 ## - ADDED ENTRY--PERSONAL NAME | |
| Personal name | MYNENI (S R) |
| 9 (RLIN) | 206375 |
| 942 ## - ADDED ENTRY ELEMENTS (KOHA) | |
| Source of classification or shelving scheme | Dewey Decimal Classification |
| Koha item type | Book |
| Withdrawn status | Lost status | Source of classification or shelving scheme | Damaged status | Not for loan | Collection code | Home library | Current library | Date acquired | Source of acquisition | Cost, normal purchase price | Total Checkouts | Full call number | Barcode | Date last seen | Date last checked out | Cost, replacement price | Price effective from | Koha item type |
|---|---|---|---|---|---|---|---|---|---|---|---|---|---|---|---|---|---|---|
| Dewey Decimal Classification | Law | St Aloysius Law Library | St Aloysius Law Library | 03/07/2025 | Biblios Book Point Surathkal Mangalore 575014 | 720.00 | 5 | 342 MYNC | LL002332 | 12/05/2025 | 11/14/2025 | 1440.00 | 03/14/2025 | Book | ||||
| Dewey Decimal Classification | Law | St Aloysius Law Library | St Aloysius Law Library | 03/07/2025 | Biblios Book Point Surathkal Mangalore 575014 | 720.00 | 1 | 342 MYNC | LL002333 | 01/06/2026 | 08/16/2025 | 1440.00 | 03/14/2025 | Book |